| 000 | 01017nam a2200265 a 4500 | ||
|---|---|---|---|
| 001 | BRL_956 | ||
| 005 | 20190320210953.0 | ||
| 008 | 281013s1967----gw-a######---#000-0#ger-# | ||
| 041 | _ager | ||
| 044 | _agw | ||
| 050 | 4 |
_aE78.N78 _b.S54 1967 |
|
| 100 | 1 |
_aSiebert, Erna _919610 |
|
| 245 | 1 | 0 |
_aIndianerkunst der amerikanischen Nordwestküste _cErna Siebert [y] Werner Forman. |
| 260 |
_aCzechoslavakia _bArtia _c1967 |
||
| 300 |
_a47 p. _bil., láminas _c30 cm. |
||
| 500 | _aAu993 | ||
| 500 | _aKatalog von Erna Siebert und Nina Smirnowa. Photographien von Werner Forman. | ||
| 504 | _aBibliografía: p. 44-47 | ||
| 650 | 1 | 4 |
_aArte indígena _vExposiciones _zCosta Noroeste de América del Norte _925112 |
| 650 | 1 | 4 |
_aIndígenas de America del Norte _vExposiciones _xIndumentaria _zCosta Noroeste de América del Norte _925441 |
| 650 | 1 | 4 |
_aIndígenas de America del Norte _vExposiciones _xMáscaras _zCosta Noroeste de América del Norte _925442 |
| 700 | 1 |
_aForman, Werner _925443 |
|
| 902 | _aGRL | ||
| 942 |
_2lcc _cB |
||
| 999 |
_c9768 _d9768 |
||